000 00293nam a22001217a 4500
020 _a9789380235486
082 _a635
_bPET/TH
100 _aPeter, K .V
_9305
245 _aScience of Horticulture- Vol.2
260 _aNew Delhi
_bNew India Publishing Agency
_c2011
300 _a348
942 _cBK
999 _c14237
_d14237